Królowie strzelców ligi mistrzów - Statystyki

Ogólne statystyki
  • Ten quiz został rozwiązany 107 razy
  • Średni wynik to 20 z 32
Statystyki odpowiedzi
Sezon Gole Odpowiedź % Poprawnych
2017/18 15 Cristiano Ronaldo
99%
2016/17 12 Cristiano Ronaldo
99%
2015/16 16 Cristiano Ronaldo
99%
2013/14 17 Cristiano Ronaldo
99%
2012/13 12 Cristiano Ronaldo
99%
2007/08 8 Cristiano Ronaldo
99%
2014/15 10 Lionel Messi/Cristiano Ronaldo/Neymar
99%
2019/20 15 Robert Lewandowski
99%
2018/19 12 Lionel Messi
98%
2011/12 14 Lionel Messi
98%
2010/11 12 Lionel Messi
98%
2009/10 8 Lionel Messi
98%
2008/09 9 Lionel Messi
98%
2023/24 8 Harry Kane/Kylian Mbappé
85%
2022/23 12 Erling Haaland
80%
2020/21 12 Erling Haaland
80%
2021/22 15 Karim Benzema
71%
1999/00 10 Raúl/Rivaldo/Marió Jardel
57%
2000/01 7 Raúl
55%
2006/07 10 Kaká
52%
1997/98 10 Alessandro Del Piero
30%
1998/99 8 Andriy Shevchenko/Dwight Yorke
27%
2005/06 9 Andriy Shevchenko
25%
2003/04 9 Fernando Morientes
20%
1994/95 7 George Weah
19%
1992/93 7 Romário
19%
2004/05 8 Ruud van Nisterlooy
14%
2002/03 12 Ruud van Nisterlooy
14%
2001/02 10 Ruud van Nisterlooy
14%
1995/96 9 Jari Litmanen
7%
1993/94 8 Ronald Koeman/Wynton Rufer
5%
1996/97 5 Milinko Pantić
2%
Nie znaleziono quizów pasujących do podanych kryteriów
Rozkład punktacji
Procent ludzi z każdym wynikiem
Percentyl według liczby udzielonych odpowiedzi
Twoja historia wyników
Nie rozwiązałeś tego quizu